SISTEMA DE BIBLIOTECAS
Carmen Mendoza De Cornielle

Cámara de Cuentas de la República Dominicana y Tribunal Superior Administración : (Registro nro. 18348)

Detalles MARC
000 -CABECERA
campo de control de longitud fija 01123nam a2200217 i 4500
003 - IDENTIFICADOR DEL NÚMERO DE CONTROL
campo de control DO-SdUEMH
005 - FECHA Y HORA DE LA ÚLTIMA TRANSACCIÓN
campo de control 20260119211748.0
007 - CAMPO FIJO DE DESCRIPCIÓN FÍSICA--INFORMACIÓN GENERAL
campo de control de longitud fija ta
008 - DATOS DE LONGITUD FIJA--INFORMACIÓN GENERAL
campo de control de longitud fija 260119s2000 dr |||gr|||| 00| 0 spa d
040 ## - FUENTE DE LA CATALOGACIÓN
Centro catalogador/agencia de origen DO-SdUEMH
Lengua de catalogación spa
Normas de descripción rda
041 ## - CÓDIGO DE LENGUA
Código de lengua del texto/banda sonora o título independiente spa
082 14 - NÚMERO DE LA CLASIFICACIÓN DECIMAL DEWEY
Colección Colección Dominicana
245 ## - MENCIÓN DE TÍTULO
Título Cámara de Cuentas de la República Dominicana y Tribunal Superior Administración :
Resto del título (compendio legislativo)
264 #1 - PRODUCCIÓN, PUBLICACIÓN, DISTRIBUCIÓN, FABRICACIÓN Y COPYRIGHT
Lugar de producción, publicación, distribución, fabricación Santo Domingo, República Dominicana :
Fecha de producción, publicación, distribución, fabricación o copyright 2000
300 ## - DESCRIPCIÓN FÍSICA
Extensión 102 páginas :
Dimensiones 20 cm.
336 ## - TIPO DE CONTENIDO
Fuente rdacontent
Término de tipo de contenido texto
Código de tipo de contenido txt
337 ## - TIPO DE MEDIO
Fuente rdamedia
Nombre del tipo de medio sin mediación
Código del tipo de medio n
338 ## - TIPO DE SOPORTE
Fuente rdacarrier
Nombre del tipo de soporte volumen
Código del tipo de soporte nc
505 #2 - NOTA DE CONTENIDO CON FORMATO
Nota de contenido con formato Tema 1: La Cámara de Cuentas en la Historia Republicana — Tema 2: Disposiciones legales referentes a la Cámara de Cuentas de la República Dominicana — Tema 3: Constitución de la República Dominicana — Tema 4: Ley No. 130 sobre la Cámara de Cuentas, de fecha 2 de diciembre de 1942 — Tema 5: Ley No. 3894 de Contabilidad Pública, de fecha 9 de agosto de 1954 — Tema 6: Ley No. 531 Orgánica de Presupuesto para el Sector Público, de fecha 11 de diciembre de 1969.
942 ## - ELEMENTOS DE PUNTO DE ACCESO ADICIONAL (KOHA)
Fuente del sistema de clasificación o colocación Dewey Decimal Classification
Tipo de ítem Koha Libro
Suprimir en OPAC No
Existencias
Estado de retiro Estado de pérdida Fuente del sistema de clasificación o colocación Estado dañado Disponibilidad para préstamo Código de colección Localización permanente Ubicación/localización actual Fecha de adquisición Fuente de adquisición Total de préstamos Signatura topográfica completa Código de barras Fecha visto por última vez Número de copia Precio válido a partir de Tipo de ítem Koha
    Dewey Decimal Classification   Disponible para préstamo Colección Dominicana UNIREMHOS SEDE UNIREMHOS SEDE 01/19/2026 Donación   RD 0800167 01/19/2026 ej. 2 01/19/2026 Libro
    Dewey Decimal Classification   Disponible para préstamo Colección Dominicana UNIREMHOS SEDE UNIREMHOS SEDE 01/19/2026 Donación   RD 0800802 01/19/2026 ej. 1 01/19/2026 Libro
UNIREMHOS

Av. Abraham Lincoln no. 126, casi esq. José Contreras,
Santo Domingo, República Dominicana

Correo: info@uniremhos.edu.do

Tel.: (809) 532-3739

Horario: Lunes a Viernes: 8:00 am - 6:00 pm | Sábados: 8:00 am - 12:00 m

📍 Ubicación
UNEFA

Av. 27 de Febrero no. 52, El Vergel,
Santo Domingo, República Dominicana

Tel.: (809) 530-0224

📍 Ubicación
UFHEC

Av. Máximo Gómez esq. César Nicolás Penson, La Esperilla,
Santo Domingo, República Dominicana

Tel.: (809) 537-6000

📍 Ubicación